000
00215nam a22000857a 4500
008
170603b xxu||||| |||| 00| 0 eng d
100
_9
3239
_a
Lal. T. K
245
_a
Modern Mathematics
260
_a
Delhi
_b
Ambika Publication
999
_c
6553
_d
6553